Cómo reformar las administraciones territoriales (Record no. 180910)

MARC details
000 -LEADER
campo de control de longitud fija 01246nam a2200289 i 4500
001 - NÚMERO DE CONTROL
campo de control 180910
003 - IDENTIFICADOR DE NÚMERO DE CONTROL
campo de control ES-MaACL
005 - FECHA Y HORA DE LA ÚLTIMA TRANSACCIÓN
campo de control 20260216131957.0
008 - DATOS DE LONGITUD FIJA--INFORMACIÓN GENERAL
campo de control de longitud fija 120823s2011 sp d |||| | spa d
245 00 - MENCIÓN DEL TÍTULO
Título Cómo reformar las administraciones territoriales
Resto del título : libro marrón, Madrid, septiembre 2011 /
Mención de responsabilidad, etc. [José Luis Álvarez y Juan Carlos Molero... (et al.)].
250 ## - MENCION DE EDICION
Mención de edición Ed. patrocinada por BBVA.
260 ## - PUBLICACIÓN, DISTRIBUCIÓN, ETC.
Lugar de publicación, distribución, etc. Madrid :
Nombre del editor, distribuidor, etc. Círculo de Empresarios,
Fecha de publicación, distribución, etc. 2011.
300 ## - DESCRIPCIÓN FÍSICA
Extensión 287 p. :
Otras características físicas gráf. ;
Dimensiones 22 cm.
490 1# - MENCIÓN DE SERIE
Mención de serie Libro marrón
530 ## - NOTA DISPONIBLE DE FORMULARIO FÍSICO ADICIONAL
Nota de formato físico adicional disponible Disponible también en sitio web.
650 ## - PUNTO DE ACCESO ADICIONAL DE MATERIA--TÉRMINO DE MATERIA
Término de materia o nombre geográfico como elemento de entrada Descentralización administrativa-
Subdivisión geográfica España.
9 (RLIN) 11822
650 04 - PUNTO DE ACCESO ADICIONAL DE MATERIA--TÉRMINO DE MATERIA
Término de materia o nombre geográfico como elemento de entrada Administración autonómica-
Subdivisión geográfica España.
9 (RLIN) 9616
700 1# - ENTRADA AGREGADA--NOMBRE PERSONAL
Nombre de persona Álvarez, José Luis,
Fechas asociadas al nombre 1969-
9 (RLIN) 151350
700 1# - ENTRADA AGREGADA--NOMBRE PERSONAL
Nombre de persona Molero, Juan Carlos (
Fechas asociadas al nombre 1969-)
9 (RLIN) 151351
710 2# - ENTRADA AGREGADA--NOMBRE DE ENTIDAD CORPORATIVA
Nombre de entidad corporativa o nombre de jurisdicción como elemento de entrada Círculo de Empresarios.
9 (RLIN) 2821
830 0# - PUNTO DE ACCESO ADICIONAL DE SERIE-TÍTULO UNIFORME
Título uniforme Libro marrón
9 (RLIN) 179565
852 ## - LOCALIZACIÓN
Ubicación ES-MaACL
Número de control de estantería A-12192
itemnumber 187789
Sublocalización o colección R.148101
Ubicación en estantería Depósito 1
Signatura antigua Olim: N-5197
856 4# - LOCALIZACIÓN Y ACCESO ELECTRÓNICOS
Identificador Uniforme de Recursos <a href="http://www.circulodeempresarios.org/es/publicaciones/libro-marron/libro-marron-2011-como-reformar-las-administraciones-territoriales">http://www.circulodeempresarios.org/es/publicaciones/libro-marron/libro-marron-2011-como-reformar-las-administraciones-territoriales</a>
Texto de enlace Ir a la página
942 ## - ELEMENTOS DE ENTRADA SECUNDARIOS (KOHA)
Fuente del sistema de clasificación o colocación Clasificación decimal universal
Tipo de ítem Koha Libro impreso
Holdings
Estatus retirado Estado de pérdida Fuente del sistema de clasificación o colocación Estado de daño No para préstamo Colección Biblioteca de origen Biblioteca actual Ubicación en estantería Fecha de adquisición Fuente de adquisición Total de préstamos Signatura topográfica completa Código de barras Visto por última vez Precio de reemplazo Tipo de ítem Koha
    Clasificación decimal universal     Colección digital Biblioteca del Ateneo de Madrid Biblioteca del Ateneo de Madrid Depósito 1 23/08/2012 Donación   A-12192 1190107 23/02/2023 23/02/2023 Libro impreso